[Event "Massy op"]
[Site "Massy"]
[Date "2010.06.??"]
[Round "?"]
[White "Frere, Bruno"]
[Black "Msellek, Ilyass"]
[Result "0-1"]
[WhiteElo "1797"]
[BlackElo "2024"]
[PlyCount "68"]
[EventDate "2010.06.??"]
[EventType "swiss"]
[EventRounds "7"]
[EventCountry "FRA"]
[SourceTitle "EXT 2011"]
[Source "ChessBase"]
[SourceDate "2010.11.26"]
[SourceVersion "1"]
[SourceVersionDate "2010.11.26"]
[SourceQuality "1"]

1. e4 c5 2. Na3 e6 3. c3 d5 4. e5 Nc6 5. Nf3 d4 6. Bb5 Bd7 7. 0-0 Nh6 8. Re1 Be7 9. d3 Nf5 10. Bf4 a6 11. Bxc6 Bxc6 12. Nc2 g5 13. Bc1 g4 14. Nd2 dxc3 15. Ne4 cxb2 16. Bxb2 h5 17. d4 c4 18. Nd6+ Bxd6 19. exd6 Bd5 20. Nb4 Qxd6 21. Nxd5 Qxd5 22. Re5 Qd6 23. d5 0-0-0 24. Qc2 b5 25. Rxf5 exf5 26. Qxf5+ Qd7 27. Qxd7+ Kxd7 28. Bxh8 Rxh8 29. Kf1 Kd6 30. Rd1 Re8 31. Rd4 c3 32. Rd3 b4 33. Rd4 a5 34. Rc4 Kxd5 0-1